Veľké Úľany : Pozoruhodnosti

Gespeichert in:
Bibliographische Detailangaben
Format: Buch
Sprache:Slowakisch
Veröffentlicht: Komárňanské tlačiarne, 1995
Schriftenreihe:Malá vlastivedná knižnica 40
Tags: Tag hinzufügen
Keine Tags, Fügen Sie das erste Tag hinzu!

MARC

LEADER 00000nam a22000003a 4500
001 stu51142
005 20141122025639.5
008 991130s1995------------------------slo-d
020 |a 8088804 
040 |a STU  |b slo 
041 0 |a slo 
245 |a Veľké Úľany :  |b Pozoruhodnosti 
260 |b Komárňanské tlačiarne,  |c 1995 
830 0 |a Malá vlastivedná knižnica  |v 40 
996 |b 284AB00547  |c A*569 B  |l AAKNAR  |s A  |a 24  |w stu51142_0001